Attaques signatures des Pokémon #2 - Statistiques

Statistiques générales
  • Ce quiz a été pris 59 fois
  • Le résultat moyen est 6 sur 10
Statistiques - réponses
Question Réponse % Correct
Meloetta Chant Antique
86%
Keldeo Lame Ointe
86%
Floette Lumière du Néant
86%
Frison Peignée
86%
Darkrai Trou Noir
86%
Déoxys Psycho-Boost
71%
Morphéo Pas d'attaque signature
43%
Manaphy Pas d'attaque signature
29%
Solgaleo Pas d'attaque signature
14%
Lunala Pas d'attaque signature
14%
Aucun quiz correspondant
Distribution des résultats
% des personnes avec chaque résultat
Percentile par nombre de réponses
Votre historique - résultats
Vous n’avez pas pris ce quiz